01049nam0a22002411 4500001001100000005001700011035002600028100004100054101000800095102000700103105001800110200021800128210003200346215002200378225010700400300004900507320003000556532008800586700007400674801001800748801002200766852001900788rc\358150020250610044216.0 a(NLR Aleph) 007697487 a20130115d1971 |||y0rusy50 ca0 arus aRU aa z |||||1 a[Миниатюризация вторичных источников питания]e(Обзор)fНауч.-исслед. ин-т экономики и информации по радиоэлектронике aМоскваcБ. и.d1971 a30 с.cил.d201 aРадиоэлектроника за рубежомeТехн. информацияvВып. 44 (638) aАвт. указан в вып. данных aБиблиогр.: с. 3013aМиниатюризация вторичных источников питания 1aПионтковскийbС.С.gСергей Сергеевич 0aRUbNLRgpsbo 1aRUbELAR2rusmarc aNLRjП10/2167